Statistics for random quiz test

Click here to take the quiz!

General Stats

  • This quiz has been taken 11 times
  • The average score is 4 of 9

Answer Stats

QuestionAnswer% Correct
7x749
100%
who invented emcalbert einstein
91%
804x7257 888
64%
16 654 x 325 7665.4 billion
36%
who invented the first languagehomo habilis
36%
who invented schoolchinese
27%
who invented robloxdavid bazuski
27%
who invented car sweepersdaniel hess
18%
who is the smartest personwilliam james sidis
18%

Score Distribution

Percentile by Number Answered

Percent of People with Each Score

Your Score History

You have not taken this quiz